000 00882cam a2200265 4500
001 D14791
008 090401t1962 xxu||||| |||| 00| 0 eng d
035 _a(Sirsi) u17934
041 _aeng
050 _a526.90994
_c18
100 _aJohnston, Frederick Marshall
245 _aKnights and theodolites
260 _aSydney
_bEdwards and Shaw
_c1962
300 _a232p.
_bill.
_c22cm
350 _a1.50
520 _aRecords the role of four generations of the same family in the survey of Western Australia.
650 _aCLIFTON, MARSHALL WALLER, 1787-1861
650 _aJOHNSTON, HARLEY ROBERT, 1816-1853
650 _aJOHNSTON, HARRY FREDERICK, 1853-1915
650 _aJOHNSTON, FREDERICK MARSHALL, B.1885
650 _aWESTERN AUSTRALIA
690 _aENVIRONMENTAL AND LAND CONSULTANCY-GEOMATICS-LAND SURVEYING-LAND SURVEYORS
942 _n0
948 _c04/03/1997
999 _c87557
_d87557